000 01020nam a2200229Ia 4500
999 _c53571
_d53571
001 20617
003 GE_BSU
005 20210227175903.0
008 181216s2013||||ge |||||||||||||| ||geo||
010 _a9789941181511
040 _cGE_BSU
041 _ageo
080 _a27-277 ბ-65
245 _aბიბლია პოსტმოდერნული პერსპექტივიდან /
_bშემდგ. და მთ. რედ. თამარ ცოფურაშვილი.
264 _aთბილისი :
_bილიას სახელმწ. უნ-ტი,
_c2013.
300 _a227 გვ. ;
_b ილ. ;
_c24 სმ.
653 _aბიბლია პოსტმოდერნული პერსპექტივიდან
653 _aბიბლიის განმარტება
653 _aრელიგია
710 _aსავლე წერეთლის ფილოსოფიის ინსტიტუტი
_910259
942 _cBK
_2udc